000 00492nam a22001457a 4500
008 230316b |||||||| |||| 00| 0 eng d
020 _a978-0894556418
050 _aBF441
_b.H37 1998
100 _aHarnadek, Anita
245 _aCritical thinking :
_bProblem solving, reasoning, logic, arguments Book 1/
_cAnita Harnadek
260 _aUnited States of America
_bThe critical thinking com.
_c1998
300 _av, 178p.
440 _aCritical thinking series
_nBook 1 & Book 2
942 _2lcc
_cBK
999 _c20069
_d20068